000
00259nam a2200121Ia 4500
100
_a
Higgins/ L.R.
942
_c
BK
654
_a
handbook
245
_a
Maintenance Engg. handbook
260
_b
McGraw Hill
_a
New York
_c
1995
546
_a
ENGLISH
999
_c
25084
_d
25084